000 01027ngm a22003250a 4500
001 PT16541
003 AR-LpoUNG
005 20210202000210.0
007 vd cvaizq
008 191001s2001||||ag |||||||||||||||||spa d
037 _c$8.30
040 _aAR-LpoUNG
_bspa
_cAR-LpoUNG
_eaacr
041 _aspa
044 _aag
082 0 _a909 532V13
245 1 0 _aRenacimiento y descubrimiento :
_bel nuevo mundo
260 _aBuenos Aires :
_bKalender Video Argentina,
_c2001.
300 _aVHS (56 min.) : son., byn, col.
520 _aFiguras representativas del renacimiento: Erasmo, Leonardo, Miguel Angel, los Borgia, los Médicis y Maquiavelo. Se destacan hechos que trastocaron el arte, el amor, las relaciones personales y familiares, el mundo todo.
650 4 _aAMERICA
650 4 _aCULTURA
650 4 _aHISTORIA
650 4 _aINNOVACIONES
650 4 _aRELIGION
650 4 _aSOCIEDAD
653 _aVIDEOS
710 2 _aMetropolitan Museum of Art (New York)
905 _a16541
942 _cVIDEO
999 _c54323
_d54323